Lưu hữu phước Lên Đàng Hồi kí

Сохранить в:
Библиографические подробности
Формат:
Язык:Vietnamese
Опубликовано: Hà Nội Kim Đồng 2009
Серии:Tủ sách danh nhân Việt Nam
Предметы:
Метки: Добавить метку
Нет меток, Требуется 1-ая метка записи!
Thư viện lưu trữ: Trung tâm Học liệu Lê Vũ Hùng, Trường Đại học Đồng Tháp
LEADER 00691pam a22002298a 4500
001 00040969
005 20180202080235.0
008 170505s1998 ||||||viesd
020 # # |c 25000 
041 0 # |a vie 
082 1 4 |a 780.92  |b L566H 
245 0 0 |a Lưu hữu phước Lên Đàng  |b Hồi kí 
260 # # |a Hà Nội  |b Kim Đồng  |c 2009 
300 # # |a 169tr.  |b minh họa  |c 21cm. 
490 # # |a Tủ sách danh nhân Việt Nam 
653 # # |a Nhạc sĩ 
653 # # |a Tác phẩm 
653 # # |a Việt Nam 
653 # # |a Âm nhạc 
852 # # |j KD.0022820 
910 |d 02/02/2018 
980 # # |a Trung tâm Học liệu Lê Vũ Hùng, Trường Đại học Đồng Tháp